Tiempo de espera / (Record no. 194594)
[ view plain ]
| 000 -LEADER | |
|---|---|
| campo de control de longitud fija | 01204nam a2200349 i 4500 |
| 001 - NÚMERO DE CONTROL | |
| campo de control | 194594 |
| 003 - IDENTIFICADOR DE NÚMERO DE CONTROL | |
| campo de control | SpMaBN |
| 005 - FECHA Y HORA DE LA ÚLTIMA TRANSACCIÓN | |
| campo de control | 20250310063127.0 |
| 008 - DATOS DE LONGITUD FIJA--INFORMACIÓN GENERAL | |
| campo de control de longitud fija | 230206s2022 sp | |||| 000 p spa |
| 015 ## - NÚMERO DE BIBLIOGRAFÍA NACIONAL | |
| Número de bibliografía nacional | MON22 |
| 017 ## - NÚMERO DE COPYRIGHT O DE DEPÓSITO LEGAL | |
| Número de copyright o de depósito legal | GR 613-2022 |
| Agencia que asigna | Oficina Depósito Legal Granada |
| 020 ## - NÚMERO INTERNACIONAL ESTÁNDAR DEL LIBRO | |
| Número Internacional Estándar del Libro | 9788418694882 |
| 040 ## - FUENTE DE CATALOGACIÓN | |
| Centro catalogador/agencia de origen | SpMaBN |
| Lengua de catalogación | spa |
| Centro/agencia transcriptor | SpMaBN |
| Normas de descripción | rda |
| Centro/agencia modificador | ES-MaACL |
| 080 ## - NÚMERO DE LA CLASIFICACIÓN DECIMAL UNIVERSAL | |
| Número de la Clasificación Decimal Universal | 821.134.2-14"19" |
| 100 ## - ENTRADA PRINCIPAL--NOMBRE DE PERSONA | |
| Nombre de persona | Sarria Cuevas, José, |
| Fechas asociadas al nombre | 1960- |
| 9 (RLIN) | 236244 |
| Término indicativo de función/relación | Autor |
| 245 10 - MENCIÓN DEL TÍTULO | |
| Título | Tiempo de espera / |
| Mención de responsabilidad, etc. | José Sarria. |
| 250 ## - MENCION DE EDICION | |
| Mención de edición | Primera edición: abril 2022 |
| 264 #1 - PRODUCCIÓN, PUBLICACIÓN, DISTRIBUCIÓN, FABRICACIÓN Y COPYRIGHT | |
| Producción, publicación, distribución, fabricación y copyright | [Granada] : |
| Nombre del de productor, editor, distribuidor, fabricante | Valparaíso Ediciones, |
| Fecha de producción, publicación, distribución, fabricación o copyright | [2022]. |
| 300 ## - DESCRIPCIÓN FÍSICA | |
| Extensión | 62 páginas : |
| Dimensiones | 21 cm. |
| 336 ## - TIPO DE CONTENIDO | |
| Término de tipo de contenido | Texto |
| Fuente | rdacontent |
| 337 ## - TIPO DE MEDIO | |
| Nombre/término del tipo de medio | sin mediación |
| Fuente | rdamedia |
| 338 ## - TIPO DE SOPORTE | |
| Nombre/término del tipo de soporte | volumen |
| Fuente | rdacarrier |
| 490 1# - MENCIÓN DE SERIE | |
| Mención de serie | Valparaíso de poesía ; |
| Designación de volumen o secuencia | número 303 |
| 655 #7 - TERMINO DE INDIZACIÓN--GENERO/FORMA | |
| Datos o término principal de género/forma | Poesías |
| Fuente del término | tgfbne |
| 9 (RLIN) | 176539 |
| 655 #7 - TERMINO DE INDIZACIÓN--GENERO/FORMA | |
| Datos o término principal de género/forma | Poemas en prosa |
| Fuente del término | tgfbne |
| 9 (RLIN) | 226859 |
| 852 ## - LOCALIZACIÓN | |
| Ubicación | ES-MaACL |
| Ubicación en estantería | Depósito J |
| Número de control de estantería | N-8878 |
| Encuadernación | Encuadernación rústica |
| Donativo/Legado | Donación: Editorial |
| itemnumber | 204720 |
| 901 ## - NOMBRE PERSONAL DE POSESOR | |
| a | "ISBN" |
| 942 ## - ELEMENTOS DE ENTRADA SECUNDARIOS (KOHA) | |
| Tipo de ítem Koha | Libro impreso |
| Suprimir en OPAC | No |
| Estatus retirado | Estado de pérdida | Fuente del sistema de clasificación o colocación | Estado de daño | No para préstamo | Biblioteca de origen | Biblioteca actual | Ubicación en estantería | Fecha de adquisición | Fuente de adquisición | Total de préstamos | Signatura topográfica completa | Código de barras | Visto por última vez | Precio de reemplazo | Tipo de ítem Koha |
|---|---|---|---|---|---|---|---|---|---|---|---|---|---|---|---|
| Clasificación decimal universal | Biblioteca del Ateneo de Madrid | Biblioteca del Ateneo de Madrid | Depósito J | 08/03/2025 | Donación | N-8878 | 101229548 | 08/03/2025 | 08/03/2025 | Libro impreso |
